[Event "BRA-ch 88th"]
[Site "Recife"]
[Date "2022.12.22"]
[Round "10"]
[White "De Lima, Eli Artur Karl"]
[Black "Miranda Jr, Roberto Calheiros D"]
[Result "0-1"]
[WhiteElo "1998"]
[BlackElo "2208"]
[PlyCount "56"]
[EventDate "2022.12.15"]
[EventType "swiss"]
[EventRounds "11"]
[EventCountry "BRA"]
[SourceTitle "CBM 212 Extra"]
[Source "ChessBase"]
[SourceDate "2023.03.31"]
[SourceVersion "1"]
[SourceVersionDate "2023.03.31"]
[SourceQuality "1"]

1. d4 Nf6 2. Nf3 e6 3. g3 b6 4. Bg2 Bb7 5. 0-0 c5 6. c3 d5 7. Bf4 Be7 8. Nbd2 0-0 9. Rc1 Nc6 10. Qc2 Rc8 11. Qb1 Ba6 12. Rfe1 h6 13. h4 Nh5 14. Be3 cxd4 15. Bxd4 f5 16. Ne5 Nxe5 17. Bxe5 Nf6 18. f3 Nd7 19. Bd4 Bd6 20. Bf2 Qc7 21. Kh2 g5 22. hxg5 hxg5 23. b4 Kg7 24. Nf1 Bc4 25. e4 fxe4 26. Rxe4 dxe4 27. Qxe4 Nf6 28. Qe3 Kg6 0-1

[Event "BRA-ch 88th"]
[Site "Recife"]
[Date "2022.12.17"]
[Round "3"]
[White "Miranda Jr, Roberto Calheiros D"]
[Black "Barioni, Daniel Rossiter"]
[Result "1/2-1/2"]
[WhiteElo "2208"]
[BlackElo "1817"]
[PlyCount "42"]
[EventDate "2022.12.15"]
[EventType "swiss"]
[EventRounds "11"]
[EventCountry "BRA"]
[SourceTitle "CBM 212 Extra"]
[Source "ChessBase"]
[SourceDate "2023.03.31"]
[SourceVersion "1"]
[SourceVersionDate "2023.03.31"]
[SourceQuality "1"]

1. e4 e6 2. d4 d5 3. Nc3 dxe4 4. Nxe4 Nd7 5. Nf3 Ngf6 6. Nxf6+ Nxf6 7. c3 h6 8. Bd3 Bd6 9. Qe2 Bd7 10. Ne5 Qe7 11. Bd2 a6 12. 0-0 Bxe5 13. dxe5 Nd5 14. a3 0-0-0 15. c4 Nb6 16. b4 Bc6 17. b5 axb5 18. cxb5 Qd7 19. bxc6 Qxd3 20. cxb7+ Kxb7 21. Qxd3 Rxd3 1/2-1/2

[Event "Florianopolis op 4th"]
[Site "Florianopolis"]
[Date "2018.01.22"]
[Round "6"]
[White "Miranda Jr, Roberto Calheiros D"]
[Black "De Pieri, Herik Soares"]
[Result "1-0"]
[WhiteElo "2191"]
[BlackElo "1802"]
[PlyCount "49"]
[EventDate "2018.01.19"]
[EventType "swiss"]
[EventRounds "10"]
[EventCountry "BRA"]
[SourceTitle "EXT 2019"]
[Source "ChessBase"]
[SourceDate "2018.10.10"]
[SourceVersion "1"]
[SourceVersionDate "2018.10.10"]
[SourceQuality "1"]

1. d4 Nf6 2. Nf3 g6 3. g3 Bg7 4. c4 0-0 5. Bg2 c5 6. d5 e6 7. Nc3 exd5 8. cxd5 d6 9. 0-0 Re8 10. a4 Na6 11. Nd2 Nc7 12. Nc4 Bf5 13. f3 Rb8 14. e4 Bc8 15. Bf4 Bf8 16. e5 dxe5 17. Bxe5 Rxe5 18. Nxe5 Ncxd5 19. f4 Be6 20. Nxd5 Nxd5 21. Rf2 f6 22. Rd2 fxe5 23. Bxd5 Qf6 24. Qb3 Re8 25. Re1 1-0

[Event "Florianopolis op 4th"]
[Site "Florianopolis"]
[Date "2018.01.21"]
[Round "4"]
[White "Miranda Jr, Roberto Calheiros D"]
[Black "Perdomo, Leandro Daniel"]
[Result "0-1"]
[WhiteElo "2191"]
[BlackElo "2449"]
[PlyCount "74"]
[EventDate "2018.01.19"]
[EventType "swiss"]
[EventRounds "10"]
[EventCountry "BRA"]
[SourceTitle "CBM 182 Extra"]
[Source "ChessBase"]
[SourceDate "2018.02.23"]
[SourceVersion "1"]
[SourceVersionDate "2018.02.23"]
[SourceQuality "1"]

1. d4 Nf6 2. c4 g6 3. Nc3 Bg7 4. g3 0-0 5. Bg2 d6 6. e4 c5 7. dxc5 dxc5 8. Qxd8 Rxd8 9. Be3 Na6 10. h3 Nb4 11. Ke2 Nc2 12. Rd1 Rxd1 13. Nxd1 Nd7 14. f4 Nxe3 15. Kxe3 a5 16. a4 Ra6 17. Kd2 Rd6+ 18. Kc2 Nb8 19. Ne2 Nc6 20. Ndc3 Nb4+ 21. Kb3 Rd2 22. e5 Bf5 23. Bxb7 Bc2+ 24. Ka3 Bd3 25. Nc1 Bxc4 26. Be4 f6 27. Rd1 Rd4 28. b3 Be6 29. exf6 exf6 30. Rxd4 cxd4 31. Nb5 Bxh3 32. Nxd4 f5 33. Nc6 fxe4 34. Nxa5 Nd3 35. Ne2 Bg4 36. b4 Bxe2 37. Kb3 Bd1+ 0-1

[Event "Florianopolis op 4th"]
[Site "Florianopolis"]
[Date "2018.01.19"]
[Round "1"]
[White "Nascimento, Pedro Henrique Alve"]
[Black "Miranda Jr, Roberto Calheiros D"]
[Result "0-1"]
[WhiteElo "1985"]
[BlackElo "2191"]
[PlyCount "46"]
[EventDate "2018.01.19"]
[EventType "swiss"]
[EventRounds "10"]
[EventCountry "BRA"]
[SourceTitle "CBM 182 Extra"]
[Source "ChessBase"]
[SourceDate "2018.02.23"]
[SourceVersion "1"]
[SourceVersionDate "2018.02.23"]
[SourceQuality "1"]

1. d4 Nf6 2. c4 e6 3. Nc3 Bb4 4. a3 Bxc3+ 5. bxc3 0-0 6. e3 c5 7. Bd3 d5 8. Ne2 dxc4 9. Bxc4 Qc7 10. Bd3 e5 11. 0-0 Nc6 12. d5 Nxd5 13. Bxh7+ Kxh7 14. Qxd5 b6 15. e4 Ba6 16. Qa2 Qd7 17. Re1 Rad8 18. Bg5 f6 19. Bh4 Na5 20. f3 Qd2 21. Qe6 Bxe2 22. Ra2 Bc4 23. Qh3 Qd7 0-1

[Event "Cidade de Paulista 1st"]
[Site "Piedade"]
[Date "2013.12.08"]
[Round "3"]
[White "Miranda Jr, Roberto Calheiros D"]
[Black "Almeida, Carlos Bruno Gomes"]
[Result "1-0"]
[WhiteElo "2178"]
[BlackElo "1917"]
[PlyCount "83"]
[EventDate "2013.12.07"]
[EventType "tourn"]
[EventRounds "7"]
[EventCountry "BRA"]
[SourceTitle "EXT 2018"]
[Source "ChessBase"]
[SourceDate "2017.10.13"]
[SourceVersion "1"]
[SourceVersionDate "2017.10.13"]
[SourceQuality "1"]

1. e4 d6 2. d4 Nf6 3. Nc3 g6 4. f3 Bg7 5. Bc4 0-0 6. Be3 e5 7. Nge2 Nc6 8. Qd2 Na5 9. Bb3 Nxb3 10. axb3 Nh5 11. g4 Nf6 12. Bh6 a6 13. h4 Nd7 14. Bxg7 Kxg7 15. h5 g5 16. h6+ Kh8 17. Rh5 Rg8 18. 0-0-0 f6 19. Ng3 Qf8 20. Nf5 exd4 21. Nd5 Qd8 22. Qxd4 Ne5 23. Qc3 Bxf5 24. exf5 c6 25. Ne3 Qe7 26. Nc4 Nxc4 27. bxc4 Rae8 28. Rhh1 Qf8 29. Qd4 Rd8 30. Rde1 d5 31. c5 Rd7 32. Re6 Rf7 33. b4 Qd8 34. Rhe1 Rgf8 35. Rd6 Qc7 36. Ree6 Kg8 37. Kb2 a5 38. c3 axb4 39. cxb4 Re7 40. Rxf6 Re2+ 41. Kb3 Rxf6 42. Qxf6 1-0

[Event "Petrolina Cordioli Memorial op"]
[Site "Petrolina"]
[Date "2007.10.20"]
[Round "5"]
[White "Guimaraes, Diogo Duarte"]
[Black "Miranda Jr, Roberto Calheiros D"]
[Result "1-0"]
[WhiteElo "2191"]
[BlackElo "2213"]
[PlyCount "110"]
[EventDate "2007.10.09"]
[EventType "swiss"]
[EventRounds "7"]
[EventCountry "BRA"]
[SourceTitle "EXT 2022"]
[Source "ChessBase"]
[SourceDate "2021.10.06"]
[SourceVersion "1"]
[SourceVersionDate "2021.10.06"]
[SourceQuality "1"]

1. e4 e5 2. Nf3 Nc6 3. Bb5 a6 4. Bxc6 dxc6 5. 0-0 f6 6. d4 exd4 7. Nxd4 Bd7 8. e5 c5 9. Nb3 Bb5 10. Qxd8+ Rxd8 11. Re1 fxe5 12. Bg5 Nf6 13. Nc3 h6 14. Bf4 Bd6 15. Bxe5 Kf7 16. Na5 Bxe5 17. Rxe5 b6 18. Nxb5 axb5 19. Nc6 Rd2 20. Re7+ Kg6 21. Ne5+ Kh7 22. Rc1 Ra8 23. a3 b4 24. Nf3 Rd7 25. Rxd7 Nxd7 26. axb4 cxb4 27. Kf1 Ra2 28. b3 Nc5 29. Nd4 Kg6 30. Nc6 Na6 31. Ke2 Kf6 32. Kd3 b5 33. Nd4 Ra5 34. Re1 c5 35. Nc6 Ra3 36. Kd2 Nc7 37. Ne5 Ne6 38. Nd7+ Kf7 39. Re5 c4 40. bxc4 bxc4 41. Re3 c3+ 42. Kd3 Nf4+ 43. Kc4 Nxg2 44. Re2 Ra1 45. Kxb4 Rh1 46. Kxc3 Rxh2 47. f3 h5 48. Kd2 h4 49. Nc5 Kg8 50. Nd3 Rh3 51. Rxg2 Rxf3 52. Ne5 Rf5 53. Ng6 h3 54. Ne7+ Kf8 55. Ng6+ Kf7 1-0

[Event "Petrolina Cordioli Memorial op"]
[Site "Petrolina"]
[Date "2007.10.18"]
[Round "3"]
[White "Miranda Jr, Roberto Calheiros D"]
[Black "Da Silva, Jonathan Ferreira"]
[Result "1-0"]
[WhiteElo "2213"]
[BlackElo "1821"]
[PlyCount "59"]
[EventDate "2007.10.09"]
[EventType "swiss"]
[EventRounds "7"]
[EventCountry "BRA"]
[SourceTitle "EXT 2022"]
[Source "ChessBase"]
[SourceDate "2021.10.06"]
[SourceVersion "1"]
[SourceVersionDate "2021.10.06"]
[SourceQuality "1"]

1. e4 e5 2. Nf3 Nc6 3. Bb5 d6 4. c3 Bd7 5. d4 exd4 6. cxd4 Nf6 7. Nc3 g6 8. 0-0 Bg7 9. e5 dxe5 10. dxe5 Ng4 11. Bg5 Qc8 12. Re1 0-0 13. Nd5 Qb8 14. Ne7+ Nxe7 15. Qxd7 Nc6 16. Bxc6 bxc6 17. b3 Re8 18. Qd3 Qb5 19. Rac1 Bxe5 20. Qxb5 cxb5 21. Nxe5 Nxe5 22. Bf6 Nd3 23. Rxe8+ Rxe8 24. Rd1 Re1+ 25. Rxe1 Nxe1 26. Bd8 c6 27. Bc7 a6 28. a4 bxa4 29. bxa4 Nc2 30. Be5 1-0

[Event "BRA-ch sf"]
[Site "Sao Paulo"]
[Date "2005.12.??"]
[Round "6"]
[White "Di Berardino, Diego Rafael"]
[Black "Miranda Jr, Roberto Calheiros D"]
[Result "1-0"]
[WhiteElo "2312"]
[BlackElo "2204"]
[PlyCount "95"]
[EventDate "2005.12.08"]
[EventType "swiss"]
[EventRounds "7"]
[EventCountry "BRA"]
[SourceTitle "EXT 2022"]
[Source "ChessBase"]
[SourceDate "2021.10.06"]
[SourceVersion "1"]
[SourceVersionDate "2021.10.06"]
[SourceQuality "1"]

1. e4 c5 2. Nc3 d6 3. g3 Nc6 4. Bg2 g6 5. d3 Bg7 6. f4 e6 7. Nf3 Nge7 8. 0-0 0-0 9. Be3 Nd4 10. Bf2 f5 11. Qd2 Bd7 12. Rae1 Nec6 13. exf5 gxf5 14. Nd1 Qf6 15. c3 Nxf3+ 16. Bxf3 Qg6 17. Ne3 e5 18. Nd5 Rae8 19. Qd1 Qh6 20. Be3 e4 21. dxe4 fxe4 22. f5 exf3 23. Bxh6 Rxe1 24. Qxe1 Bxh6 25. Rxf3 Ne5 26. Rf1 Bb5 27. Qe4 Bg5 28. Rd1 Bd7 29. f6 Kh8 30. Rf1 Bb5 31. Qf5 Bh6 32. Qh5 Bd2 33. Rd1 Be8 34. Qe2 Bg5 35. h4 Bh6 36. Rf1 Rg8 37. Kh2 Ng4+ 38. Kh1 Bc6 39. c4 Ne3 40. f7 Rf8 41. Rf6 Nxd5 42. cxd5 Bxd5+ 43. Kh2 Bg7 44. Qe7 Bxa2 45. g4 h6 46. h5 b5 47. g5 Rxf7 48. Qe8+ 1-0